Velký atlas léčivých rostlin

Hlavní autor: Ody, Penelope
Další autoři: Ryšková, Alena
Jazyk: Čeština
Vydáno: Martin : Vydavateľstvo OSVETA, 1995
Vydání: Vyd. 1.
Témata:
Fyzický popis: 192 s. : tab., barev. fot., il. ; 30 cm
Knihy
Uloženo v:
LEADER 01264nam a2200385 a 4500
001 000019974
003 CZ BrMZK
005 20120926144816.0
008 950313s1995 xo g e cze d
020 |a 80-217-0521-3 
040 |a BOA001  |b cze 
041 1 |a cze  |h eng 
072 7 |a 633  |x Rostlinná výroba  |2 Konspekt  |9 24 
080 |a 633.88  |2 MRF 
080 |a 615.8  |2 MRF 
080 |a 615.89:633.88  |2 MRF 
080 |a (031)  |2 MRF 
080 |a (084.42)  |2 MRF 
100 1 |a Ody, Penelope  |7 mzk2003169402 
245 1 0 |a Velký atlas léčivých rostlin 
250 |a Vyd. 1. 
260 |a Martin :  |b Vydavateľstvo OSVETA,  |c 1995 
300 |a 192 s. :  |b tab., barev. fot., il. ;  |c 30 cm 
500 |a Bibliogr. na s. 185 
500 |a Obál. podnáz.: Obrazový průvodce léčivými bylinami s uvedením prostředků na běžná onemocnění 
500 |a Rejstř. na s. 186-191 
500 |a Slov. na s. 184 
650 0 7 |a léčivé rostliny  |7 ph115198  |x terapeutické účinky  |2 czenas 
650 0 7 |a fytoterapie  |7 ph120421  |2 czenas 
655 7 |a encyklopedie  |7 fd132201  |2 czenas 
655 7 |a atlasy  |7 fd131835  |2 czenas 
700 1 |a Ryšková, Alena  |7 xx0141163  |4 trl 
765 0 |t <<The >>Complete Medicinal Herbal 
910 |a BOA001  |b TK-A-0256.334 
990 |a BK